| 000 | 01057cab a22002535a 4500 | ||
|---|---|---|---|
| 001 | L141309 | ||
| 008 | 071115e20071110xxk f 000 0 eng d | ||
| 035 | _a(Sirsi) u141309 | ||
| 041 | 0 | _aeng | |
| 100 | 1 | _aMeadwell, Stacey | |
| 245 | 0 | 0 |
_aFocus _bSouth West special |
| 260 | _c2007 | ||
| 490 |
_aEstates Gazette _v(0745) 10 November 2007, 131-151(16) |
||
| 520 | _aReports on the high take-up of office space in Bristol. The city council is aiming to attract developers and investors with its new planning initiative. The Redcliffe Wharf development is examined in detail. Details regeneration projects across the South West coast. Examines attempts to tempt young professionals away from London by advocating the lifestyle benefits of the South West. | ||
| 590 | _aKA | ||
| 651 | 4 |
_aSouth West (England) _y1994- |
|
| 690 | _aPROPERTY-COMMERCIAL PROPERTY-COMMERCIAL PROPERTY MARKET | ||
| 700 | 1 | _aJack, Simon | |
| 700 | 1 | _aClift, Patrick | |
| 700 | 1 | _aCavanagh, Elaine | |
| 700 | 1 | _aClarkson, Melanie | |
| 700 | 1 | _aThame, David | |
| 942 | _n0 | ||
| 999 |
_c79450 _d79450 |
||